| 000 | 00622nam a2200193 u 4500 | ||
|---|---|---|---|
| 005 | 20210223132646.0 | ||
| 008 | 150601s2010 mx r 000 0 spa d | ||
| 020 | _a9786070302589 | ||
| 035 | _aUPN01000203956 | ||
| 050 | 4 |
_aJL1224 _bA4.6 |
|
| 245 | 0 | 0 |
_aAdministración pública mexicana del siglo XX / _ccomp. María del Carmen Pardo. |
| 260 |
_aMéxico : _bSiglo XXI, _c2010. |
||
| 300 |
_a181 p. : _bgráfs. |
||
| 440 | 0 |
_aBiblioteca básica de administración pública ; _v3 |
|
| 650 | 4 |
_aADMINISTRACION PUBLICA - _zMEXICO _9243 |
|
| 700 | 1 |
_aPardo, María del Carmen, _ecoord. |
|
| 905 | _aLibro | ||
| 999 |
_c176057 _d176057 |
||